| 000 | 00834cam a22002777a 4500 | ||
|---|---|---|---|
| 001 | 186338 | ||
| 005 | 20180208070149.0 | ||
| 008 | 981124s1996 sz a bf 000 0 eng d | ||
| 010 | _a 98224211 | ||
| 020 | _a9241544953 | ||
| 035 | _a(OCoLC)36624392 | ||
| 040 |
_aJHW _cJHW _dDLC |
||
| 041 | _aeng | ||
| 042 | _alccopycat | ||
| 060 | 0 | 0 | _a1997 C-999 |
| 060 | 1 | 0 | _aWC 25 |
| 080 | _a616.92 JOH | ||
| 082 | 0 | 0 |
_a616.92 JOH _221 |
| 100 | _a8 | ||
| 101 | _aINF | ||
| 245 | 0 | 0 |
_aLaboratory diagnosis of group A streptococcal infections / _cDwight R. Johnson...[et al]. |
| 504 | _aIncludes bibliographical references (p. 105-111). | ||
| 906 |
_a7 _bcbc _ccopycat _d3 _encip _f19 _gy-gencatlg |
||
| 942 |
_2ddc _cBK |
||
| 999 |
_c42135 _d42135 |
||